Philadelphia 76ers 2024-2025 Roster - Statistics

General Stats
  • This quiz has been taken 107 times
    28 since last reset
  • The average score is 9 of 16
Answer Stats
Jersey # Answer % Correct
21 Joel Embiid
100%
0 Tyrese Maxey
94%
8 Paul George
89%
30 Adem Bona
78%
9 Kelly Oubre Jr
78%
1 Andre Drummond
72%
7 Kyle Lowry
72%
20 Jared McCain
67%
19 Justin Edwards
61%
28 Guerschon Yabusele
56%
23 Eric Gordon
39%
14 Ricky Council IV
39%
16 Lonnie Walker
28%
5 Quentin Grimes
28%
12 Jared Butler
22%
11 Jeff Dowtin Jr
22%
No matching quizzes found
Score Distribution
Percent of People with Each Score
Percentile by Number Answered
Your Score History
You have not taken this quiz since the last reset